Consumer Education & Economics (Record no. 5881)

MARC details
005 - DATE AND TIME OF LATEST TRANSACTION
control field 20250628081924.0
020 ## - INTERNATIONAL STANDARD BOOK NUMBER
International Standard Book Number 0-07-825155-9
082 ## - DEWEY DECIMAL CLASSIFICATION NUMBER
Classification number 381.33 LOW
100 ## - MAIN ENTRY--PERSONAL NAME
Author name LOWE, E. R
245 ## - TITLE STATEMENT
Title Consumer Education & Economics
250 ## - EDITION STATEMENT
Edition statement 5Th Ed.
260 ## - PUBLICATION, DISTRIBUTION, ETC.
Place of publication, distribution, etc. New York
Name of publisher, distributor, etc. McGraw-Hill Irwin
Date of publication, distribution, etc. 2003.
300 ## - PHYSICAL DESCRIPTION
Extent 640p.: ill.; figures, pictures
Other physical details Index
Dimensions 25cm
700 ## - ADDED ENTRY--PERSONAL NAME
Other authors/Editors Charles A. Malouf
700 ## - ADDED ENTRY--PERSONAL NAME
Other authors/Editors Annette R. Jacobson
942 ## - ADDED ENTRY ELEMENTS (KOHA)
Source of classification or shelving scheme Dewey Decimal Classification
Koha item type Books
Holdings
Date last seen Total checkouts Full call number Barcode Cost, replacement price Price effective from Koha item type Lost status Source of classification or shelving scheme Damaged status Not for loan Withdrawn status Home library Current library Shelving location Date acquired Source of acquisition Cost, normal purchase price
06/28/2025   381.33 LOW MZA0002899 180000.00 06/28/2025 Books   Dewey Decimal Classification       CBE Mwanza CBE Mwanza Special Reserve Collection 06/21/2017 Library Budget 60000.00